000 01109nam a22002657a 4500
999 _c64333
_d64333
005 20240530110726.0
008 180422s2016 ua bhk g b 000 0 ara d
017 _a2016/17450
_bمصر. دار الكتب
020 _a9789779109343
040 _aEG-CaGPL
_cEG-CaGPL
082 0 4 _221
_a956.903 /
_bم ى
100 0 _aمنال عمارة
245 1 2 _aاليهود ونيابة القدس من خلال وثائق الجنيزة ووثائق الحرم القدسى :
_bدراسة وثائقية ( 1375م - 1589م ) /
_cمنال عمارة
260 _aالقاهرة :
_bالهيئة المصرية العامة للكتاب ،
_c2016.
300 _a412 ص. :
_bايض ؛
_c24 سم.
504 _aيشتمل على ارجاعات ببليوجرافية
650 0 7 _2qrmak
_aاليهود
_xتاريخ
650 0 7 _2qrmak
_aوثائق الجنيزة
650 0 7 _2qrmak
_aالصهيونية
650 0 7 _2qrmak
_aالاثار
_xقناة السويس
651 0 7 _2qrmak
_aالقدس
651 0 7 _2qrmak
_aالقدس
_vوثائق
942 _2ddc
_cBK